00961nam a2200217 a 450000100100000000500170001000800410002702000180006804000250008611100300011124501980014126000850033930000210042449000200044550400190046550400730048470000370055783000270059495201050062199900170072600003725320240508073817.0120321s2010 ve 000 0 spa d a9789807053020 aDO-SdBNPbspacBNPHU2 aFreitas, Leonor de96366813aCenternario del 19 de abril 1810-1910 :bconsolidación del día inicial de la revolución de independencia en Caracas durante el gobiernode Genral Juna Vicente Gómez /cLeonor de Freitas. aCaracas :bArchivo General de la Nación :bCentro Nacional de Historia,c2010. a153 p. ;c22 cm.1 aBicentenariov8 aBibliografía aIncluye referencias bibliográficas y notas al pie de las páginas1 aCaballero Escorcia, Boris963669 0aBicentenarioc8963663 001050718MOaGRbGRcCTd2012-03-21iLF1l0o p37253-10r2020-06-25w2020-06-25y1ZNo se presta c36743d36743